书目信息 |
| 题名: |
写作辞林
|
|
| 作者: | 袁明光 编写 | |
| 分册: | ||
| 出版信息: | 南宁 南宁市教师进修学校 1982 |
|
| 页数: | 193页 | |
| 开本: | 19cm | |
| 丛书名: | ||
| 单 册: | ||
| 中图分类: | H5-61 | |
| 科图分类: | ||
| 主题词: | 汉语-写作-词汇 , 写作-汉语-词汇 , 词汇-写作-汉语 | |
| 电子资源: | ||
| ISBN: | ||
| 000 | 00626nam0 2200241 45 | |
| 001 | 0182001870 | |
| 005 | 20070804175358.00 | |
| 010 | @d[不详] | |
| 100 | @a19950518d1982 em y0chiy0121 ea | |
| 101 | 0 | @achi |
| 102 | @aCN@b450000 | |
| 105 | @ay z 000yy | |
| 200 | 10 | @a写作辞林@Axie zuo ci lin@f袁明光编写 |
| 210 | @a南宁@c南宁市教师进修学校@d1982 | |
| 215 | @a193页@d19cm | |
| 606 | @a汉语-写作-词汇 | |
| 606 | @a写作-汉语-词汇 | |
| 606 | @a词汇-写作-汉语 | |
| 690 | @aH5-61@v3 | |
| 701 | 0 | @a袁明光@Ayuan ming guang@4编写 |
| 801 | 0 | @aCN@bTSSF@c20070804 |
| 801 | 2 | @aCN@bNLC@c20070730 |
| 905 | @a10447@dH5-61@e11 | |
| 写作辞林/袁明光编写.-南宁:南宁市教师进修学校,1982 |
| 193页;19cm |
| ISBN :[不详] |
| ● |
| 相关链接 |
|
|
|
|
正题名:写作辞林
索取号:H5-61/11
 
预约/预借
| 序号 | 登录号 | 条形码 | 馆藏地/架位号 | 状态 | 备注 |
| 1 | 0791311 | 207913114 | 第二样本阅览室/ [索取号:H5-61/11] | 在馆 |